000 00454nam a2200181Ia 4500
001 18004
005 20260306171558.0
008 260306s9999||||xx |||||||||||||| ||und||
041 _aESP
082 _a658.312
_bK28
100 _aKaye, Beverly
_eAUT
245 0 _aCuídalos o piérdelos:
_bhaz que los mejores trabajen contigo
260 _c2009
300 _a414 páginas :
_c21 cm.
650 _aGEN
654 _aCAN
942 _cLIB
_dJUS
_fJUS
_2ddc
_n
999 _c18004
_d18004